Η άκρα δεξιά στην Ελλάδα (1965-2018)
Saved in:
| Main Author: | |
|---|---|
| Format: | Book |
| Language: | Greek |
| Published: |
Αθήνα :
Καστανιώτης,
2019.
|
| Subjects: | |
| Tags: |
Add Tag
No Tags, Be the first to tag this record!
|
MARC
| LEADER | 00000nam a2200000 a 4500 | ||
|---|---|---|---|
| 001 | 1/118996 | ||
| 008 | 190603s2019####gr | ||| |||| ||gre|| | ||
| 020 | |a 9789600365627 | ||
| 040 | |a GR-MyUa |b gre |c GR-MyUa |e AACR2 | ||
| 041 | 0 | |a gre | |
| 082 | 7 | |a 335.6 |2 (23) | |
| 100 | 1 | |a Γεωργιάδου, Βασιλική, |d 1959- | |
| 245 | 1 | 2 | |a Η άκρα δεξιά στην Ελλάδα (1965-2018) / |c Βασιλική Γεωργιάδου. |
| 260 | |a Αθήνα : |b Καστανιώτης, |c 2019. | ||
| 300 | |a 229 σ. : |b πίν., γράφ. ; |c 21 εκ. | ||
| 504 | |a Βιβλιογραφία : σ. [219]-229. | ||
| 504 | |a Περιλαμβάνει βιβλιογραφικές παραπομπές. | ||
| 650 | 0 | |a Right-wing extremists |z Greece. | |
| 650 | 0 | |a Right-wing extremists |z Europe. | |
| 650 | 0 | |a Fascism |z Greece |x History. | |
| 650 | 0 | |a Political parties |z Greece. | |
| 651 | 0 | |a Greece |x Politics and goverment |y 20th century. | |
| 651 | 0 | |a Greece |x History |y 20th century. | |
| 852 | |a INST |b RHODES |c EUDOXUS |e 20190603 |h 335.6 ΓΕΩ |p 005400040867 |q 005400040867 |t EDX |y 0 | ||
| 920 | |a Εύδοξος |b Παραγγελία |y Ρόδος-ΠΤΔΕ |z 2019-05 | ||
| 970 | |a Μαρία |b Κωτάκου |z 03-06-2019 | ||